| 000 | 01814nam a2200397Ia 4500 | ||
|---|---|---|---|
| 001 | ebr10089716 | ||
| 003 | CaPaEBR | ||
| 006 | m u | ||
| 007 | cr cn||||||||| | ||
| 008 | 050928s2005 wiu sb 000 0 eng d | ||
| 010 | _z 2005027553 | ||
| 020 | _z0874623383 | ||
| 040 |
_aCaPaEBR _cCaPaEBR |
||
| 035 | _a(OCoLC)191934766 | ||
| 050 | 1 | 4 |
_aE499.5 16th _b.G67 2005eb |
| 082 | 0 | 4 |
_a973.7/446 _222 |
| 100 | 1 |
_aGordon, Lesley J. _q(Lesley Jill) |
|
| 245 | 1 | 0 |
_a"I never was a coward" _h[electronic resource] : _bquestions of bravery in a Civil War regiment / _cby Lesley J. Gordon. |
| 260 |
_aMilwaukee, Wis. : _bMarquette University Press, _c2005. |
||
| 300 | _a43 p. | ||
| 490 | 1 |
_aFrank L. Klement lectures ; _vno. 14 |
|
| 504 | _aIncludes bibliographical references. | ||
| 533 |
_aElectronic reproduction. _bPalo Alto, Calif. : _cebrary, _d2009. _nAvailable via World Wide Web. _nAccess may be limited to ebrary affiliated libraries. |
||
| 610 | 1 | 0 |
_aUnited States. _bArmy. _bConnecticut Infantry Regiment, 16th (1862-1865) |
| 650 | 0 |
_aCombat _xPsychological aspects _xHistory _y19th century. |
|
| 650 | 0 |
_aCourage _zUnited States _xHistory _y19th century. |
|
| 650 | 0 |
_aCowardice _zUnited States _xHistory _y19th century. |
|
| 650 | 0 |
_aSoldiers _zConnecticut _xPsychology _xHistory _y19th century. |
|
| 651 | 0 |
_aUnited States _xHistory _yCivil War, 1861-1865 _xPsychological aspects. |
|
| 651 | 0 |
_aUnited States _xHistory _yCivil War, 1861-1865 _xRegimental histories. |
|
| 651 | 0 |
_aUnited States _xHistory _yCivil War, 1861-1865 _xSocial aspects. |
|
| 655 | 7 |
_aElectronic books. _2local |
|
| 710 | 2 | _aebrary, Inc. | |
| 830 | 0 |
_aFrank L. Klement lectures ; _vno. 14. |
|
| 856 | 4 | 0 |
_uhttp://site.ebrary.com/lib/rucke/Doc?id=10089716 _zAn electronic book accessible through the World Wide Web; click to view |
| 999 |
_c52122 _d52122 |
||